[Event "Igualada op 12th"]
[Site "Igualada"]
[Date "2017.02.25"]
[Round "7"]
[White "Rosich Guberna, Pascual"]
[Black "Pujol Pina, Ramon Manel"]
[Result "1-0"]
[WhiteElo "1699"]
[BlackElo "1693"]
[PlyCount "81"]
[EventDate "2017.01.14"]
[EventType "swiss"]
[EventRounds "8"]
[EventCountry "ESP"]
[SourceTitle "EXT 2018"]
[Source "ChessBase"]
[SourceDate "2017.10.13"]
[SourceVersion "1"]
[SourceVersionDate "2017.10.13"]
[SourceQuality "1"]

1. c4 e5 2. Nc3 Nf6 3. g3 Nc6 4. Bg2 Bb4 5. a3 Bxc3 6. bxc3 e4 7. d3 exd3 8. exd3 d5 9. cxd5 Nxd5 10. Qb3 Nde7 11. d4 Be6 12. Qa4 Bd5 13. Nf3 0-0 14. 0-0 Re8 15. Bb2 Be4 16. Rfe1 Ng6 17. Re3 Bxf3 18. Bxf3 Rxe3 19. fxe3 Qf6 20. Rf1 Qe6 21. e4 Qa2 22. Rf2 Qb1+ 23. Kg2 Rb8 24. Qc4 Rf8 25. Qe2 Nce7 26. c4 Qa2 27. Qd3 Rd8 28. d5 Nc6 29. Bd1 Nce5 30. Bxe5 Nxe5 31. Qc3 Qxc4 32. Qxe5 Qc5 33. Qf4 Qe7 34. a4 c5 35. Bb3 Rf8 36. e5 a6 37. d6 Qe8 38. Bd5 Kh8 39. e6 g5 40. Qf6+ Kg8 41. exf7+ 1-0

[Event "Lleida-ch B"]
[Site "La Guardia"]
[Date "2015.11.15"]
[Round "7.9"]
[White "Montagut Gonzalez, Joan"]
[Black "Pujol Pina, Ramon Manel"]
[Result "0-1"]
[WhiteElo "1809"]
[BlackElo "1827"]
[PlyCount "44"]
[EventDate "2015.09.27"]
[EventType "swiss"]
[EventRounds "9"]
[EventCountry "ESP"]
[SourceTitle "EXT 2024"]
[Source "ChessBase"]
[SourceDate "2023.10.10"]
[SourceVersion "1"]
[SourceVersionDate "2023.10.10"]
[SourceQuality "1"]

1. d4 d5 2. Bf4 e6 3. Nf3 Bd6 4. Bxd6 Qxd6 5. c3 Bd7 6. e3 Nf6 7. Nbd2 Ne4 8. Bd3 f5 9. Ne5 0-0 10. 0-0 Nc6 11. Nxd7 Qxd7 12. Qc2 Rf6 13. f3 Nxd2 14. Qxd2 Raf8 15. e4 f4 16. exd5 Qxd5 17. Be4 Qh5 18. Qc2 Rh6 19. h3 Qg5 20. Kf2 Qg3+ 21. Ke2 Na5 22. Kd1 Nc4 0-1

[Event "Lleida-ch B"]
[Site "La Guardia"]
[Date "2015.11.01"]
[Round "5.9"]
[White "Ruiz Garcia, Lluis"]
[Black "Pujol Pina, Ramon Manel"]
[Result "1/2-1/2"]
[WhiteElo "1880"]
[BlackElo "1827"]
[PlyCount "154"]
[EventDate "2015.09.27"]
[EventType "swiss"]
[EventRounds "9"]
[EventCountry "ESP"]
[SourceTitle "EXT 2024"]
[Source "ChessBase"]
[SourceDate "2023.10.10"]
[SourceVersion "1"]
[SourceVersionDate "2023.10.10"]
[SourceQuality "1"]

1. e4 e5 2. Nf3 Nc6 3. d4 exd4 4. Nxd4 Bc5 5. Be3 Bxd4 6. Bxd4 Nxd4 7. Qxd4 Nf6 8. Nc3 0-0 9. Bd3 c6 10. 0-0 d6 11. Rad1 c5 12. Qe3 Ng4 13. Qg3 Ne5 14. Be2 f5 15. f4 Nc6 16. e5 Nd4 17. exd6 Qa5 18. Bc4+ Kh8 19. Qd3 Bd7 20. Ne2 Nxe2+ 21. Qxe2 Rae8 22. Qd3 b5 23. Bd5 Qb6 24. c4 Qxd6 25. cxb5 Qb6 26. Bc4 Rd8 27. Qd6 Qa5 28. Qxc5 Rc8 29. Qd6 Rfd8 30. Qa6 Qxa6 31. bxa6 Rxc4 32. Rfe1 Rcc8 33. Re7 Ba4 34. Rxd8+ Rxd8 35. Rxa7 Bb5 36. b3 g6 37. a4 Bd3 38. b4 Rd4 39. b5 Rxf4 40. g3 Rxa4 41. Rb7 Be4 42. Rc7 Ra5 43. a7 Rxb5 44. a8Q+ Bxa8 45. Rc8+ Kg7 46. Rxa8 Rb1+ 47. Kf2 Rb2+ 48. Kg1 Rb1+ 49. Kg2 Rb2+ 50. Kg1 Kf6 51. Ra7 h6 52. Ra6+ Kg5 53. Rc6 h5 54. Ra6 Re2 55. h3 Rb2 56. Rc6 Rb4 57. Kf2 h4 58. gxh4+ Rxh4 59. Kg3 Rh6 60. Rc4 f4+ 61. Kg2 Rh4 62. Rc5+ Kh6 63. Rc8 Rh5 64. Rf8 Kg5 65. Rf7 Rh8 66. Rb7 Rf8 67. Kf3 Kh6 68. h4 Rf5 69. Rb8 Rf7 70. Rh8+ Kg7 71. Ra8 Kh6 72. Rh8+ Kg7 73. Ra8 Rf6 74. Ra7+ Kh6 75. Ra8 Rf7 76. Rh8+ Kg7 77. Ra8 Kh6 1/2-1/2